000 01192nam a22003377a 4500
003 CHAP
005 20220329143935.0
008 121003s2009 mx a r 00010 spa d
010 _a104008
011 _a104980
020 _a9786070204449
035 _a115671
040 _cCHAP
082 0 4 _a593
_bM29
245 0 0 _aManual de prácticas de laboratorio de protozoos
_c/coordinado por Ma. Antonieta Aladro Lubel ...[et al.]
260 _aMéxico, D.F. :
_bUNAM, Facultad de Ciencias,
_c2009
300 _a124 p. :
_bilus.
490 4 _aLas prensas de ciencias
590 _aBATCH-UPD
_b10
_c20130110
_lUCH01
_h0354
590 _aBATCH-UPD
_b10
_c20130110
_lUCH01
_h0413
590 _aBATCH-UPD
_b10
_c20130409
_lUCH01
_h2331
590 _aCONVERSION
_b10
_c20130109
_lUCH01
_h1357
650 4 _aMicroorganismos.
_975519
650 4 _aProtozoarios.
_992471
700 1 _aAladro Lubel, Maria Antonieta
_e, coord.
_93302
830 4 _aLas prensas de ciencias
_965007
901 _aBK
942 _cLIBRO
949 _a593 M29
_bBC
_cLIBRO
_d33724002340629
_eLIBRO
_gI.c/e
_h117400
_i115671
_st
_t$160.00
949 _a593 M29
_bBC
_cLIBRO
_d33724002340660
_eLIBRO
_fc.2
_gI.c/e
_h117401
_i115671
_st
_t$160.00
999 _c104008
_d104008